000 005930000a22001810004500
003 MACL
005 20160526133136.0
008 160526b xxu||||| |||| 00| 0 eng d
040 _aMACL
_cMACL
041 _aHindi
082 _a954
100 _aतलवार, वीर भारत
_954856
245 _aनक्‍सलबाडी के दौर में
_cवीर भारत तलवार
260 _bअनामिका पब्लिशर्स
_c2007
_aनई दिल्‍ली
350 _a800
650 _aHistory
_959761
942 _cHIN
_k954/TAL
_2ddc
999 _c41767
_d41767